000 00399nam a22001697a 4500
003 MPLRDC
005 20220104114140.0
008 210129b ||||| |||| 00| 0 eng d
082 _a782.892 ZFX c.5*
100 _a郑丰喜著
245 _a汪洋中的一条船
_c
250 _a革新一版
260 _a
_b彦博出版社
_c1978
300 _b
650 _a
942 _cBK
_o782.892 ZFX c.5*
999 _c5199
_d5189